[Event "Leuven op 25th"]
[Site "Leuven"]
[Date "2013.11.11"]
[Round "1"]
[White "Ziabari, Morteza"]
[Black "Tonoli, Benjamin"]
[Result "0-1"]
[WhiteElo "1886"]
[BlackElo "2191"]
[PlyCount "48"]
[EventDate "2013.11.08"]
[EventType "swiss"]
[EventRounds "7"]
[EventCountry "BEL"]
[SourceTitle "EXT 2014"]
[Source "ChessBase"]
[SourceDate "2013.11.20"]
[SourceVersion "1"]
[SourceVersionDate "2013.11.20"]
[SourceQuality "1"]

1. e4 c5 2. Nc3 Nc6 3. Bb5 Nd4 4. Bc4 g6 5. Nce2 Bg7 6. c3 Nc6 7. f4 e6 8. Nf3 d5 9. Bb5 dxe4 10. Bxc6+ bxc6 11. Ne5 Ne7 12. Qa4 Qd5 13. Ng3 f5 14. Nc4 Bb7 15. 0-0 Nc8 16. Ne3 Qd6 17. Nc4 Qd7 18. Ne5 Qd5 19. d4 exd3 20. Rd1 Nb6 21. Qb3 c4 22. Qa3 Bf8 23. b4 c5 24. b5 Qxg2# 0-1

[Event "Leuven op 25th"]
[Site "Leuven"]
[Date "2013.11.09"]
[Round "3"]
[White "Hovhannisyan, Mher"]
[Black "Tonoli, Benjamin"]
[Result "1-0"]
[WhiteElo "2505"]
[BlackElo "2191"]
[PlyCount "31"]
[EventDate "2013.11.08"]
[EventType "swiss"]
[EventRounds "7"]
[EventCountry "BEL"]
[SourceTitle "EXT 2014"]
[Source "ChessBase"]
[SourceDate "2013.11.20"]
[SourceVersion "1"]
[SourceVersionDate "2013.11.20"]
[SourceQuality "1"]

1. Nf3 Nf6 2. g3 e6 3. Bg2 d5 4. 0-0 b6 5. c4 Bb7 6. cxd5 exd5 7. d4 Bd6 8. Nc3 a6 9. Ne5 0-0 10. Bg5 c6 11. e4 Be7 12. exd5 Nxd5 13. Bxe7 Nxe7 14. Qb3 Qxd4 15. Nxf7 Nd5 16. Nd6 1-0

[Event "Ghent Taminco op 34th"]
[Site "Ghent"]
[Date "2011.07.19"]
[Round "6"]
[White "Cordts, Ingo"]
[Black "Tonoli, Benjamin"]
[Result "1-0"]
[WhiteElo "2306"]
[BlackElo "2161"]
[PlyCount "37"]
[EventDate "2011.07.16"]
[EventType "swiss"]
[EventRounds "9"]
[EventCountry "BEL"]
[SourceTitle "CBM 143 Extra"]
[Source "ChessBase"]
[SourceDate "2011.08.29"]
[SourceVersion "1"]
[SourceVersionDate "2011.08.29"]
[SourceQuality "1"]

1. e4 c5 2. Nc3 Nc6 3. Nf3 e5 4. Bc4 Be7 5. d3 d6 6. Nd2 Bg5 7. Nf1 Bxc1 8. Rxc1 Nf6 9. Ne3 0-0 10. 0-0 a6 11. a4 Nd4 12. f4 exf4 13. Rxf4 Ne6 14. Rf3 Nd7 15. Nf5 Ne5 16. Rg3 g6 17. Qd2 Kh8 18. Qh6 Nxc4 19. Rh3 1-0

[Event "Ghent Taminco op 32nd"]
[Site "Ghent"]
[Date "2009.07.21"]
[Round "8"]
[White "Tonoli, Benjamin"]
[Black "Rademakers, Maarten"]
[Result "1-0"]
[WhiteElo "2168"]
[BlackElo "2066"]
[PlyCount "95"]
[EventDate "2009.07.18"]
[EventType "swiss"]
[EventRounds "9"]
[EventCountry "BEL"]
[SourceTitle "CBM 131 Extra"]
[Source "ChessBase"]
[SourceDate "2009.09.03"]
[SourceVersion "2"]
[SourceVersionDate "2009.09.16"]
[SourceQuality "1"]

1. e4 c5 2. c4 Nc6 3. Ne2 g6 4. d4 cxd4 5. Nxd4 Bg7 6. Be3 Nf6 7. Nc3 d6 8. Be2 0-0 9. 0-0 Bd7 10. Qd2 Ng4 11. Bxg4 Bxg4 12. f3 Bd7 13. Nde2 b6 14. b3 Be6 15. Nf4 Qd7 16. Nxe6 Qxe6 17. Rac1 Rac8 18. Nd5 Qd7 19. Rfd1 Rfd8 20. Kh1 Qe8 21. Bg5 Qf8 22. b4 h6 23. Be3 e6 24. Nf4 Ne5 25. Qe2 Rc7 26. Rc2 Rdc8 27. Rdc1 Qe8 28. b5 Nd7 29. Qd2 Ne5 30. Qe2 Nd7 31. Nd3 Nc5 32. Nb4 Nd7 33. Na6 Rb7 34. Qd2 Qf8 35. Nb4 Nb8 36. a4 Kh7 37. Ra2 Rd7 38. a5 bxa5 39. Rxa5 Qe7 40. Ra4 f5 41. exf5 gxf5 42. Bf4 Be5 43. Nd3 Bg7 44. Re1 Qf7 45. Qb4 Bf8 46. Qb3 Bg7 47. Bg3 Qg6 48. Nf4 1-0

[Event "Ghent Taminco op 32nd"]
[Site "Ghent"]
[Date "2009.07.21"]
[Round "7"]
[White "Van der Stricht, Geert"]
[Black "Tonoli, Benjamin"]
[Result "1-0"]
[WhiteElo "2390"]
[BlackElo "2168"]
[PlyCount "125"]
[EventDate "2009.07.18"]
[EventType "swiss"]
[EventRounds "9"]
[EventCountry "BEL"]
[SourceTitle "CBM 131 Extra"]
[Source "ChessBase"]
[SourceDate "2009.09.03"]
[SourceVersion "2"]
[SourceVersionDate "2009.09.16"]
[SourceQuality "1"]

1. d4 Nf6 2. c4 e6 3. Nf3 b6 4. g3 Ba6 5. Nbd2 d5 6. Bg2 Be7 7. 0-0 0-0 8. cxd5 exd5 9. Ne5 c5 10. dxc5 bxc5 11. Ndc4 Ne4 12. Ne3 Bb7 13. Qb3 Bc6 14. Nxc6 Nxc6 15. Qxd5 Qxd5 16. Nxd5 f5 17. Be3 Bd6 18. Rac1 Rab8 19. b3 Nd4 20. Bxd4 cxd4 21. Rc6 Rfd8 22. Rxd6 Rxd6 23. Ne7+ Kf8 24. Nxf5 Re6 25. Nxd4 Ree8 26. Rc1 Rbd8 27. e3 Rd7 28. h4 Rf7 29. Rc2 Nf6 30. b4 Rb8 31. b5 Rd7 32. Rc5 Rd6 33. Bc6 g6 34. a4 Nd7 35. Rc2 Ne5 36. Be4 a6 37. Rc7 axb5 38. axb5 Rd7 39. Rc5 Nf7 40. h5 Kg7 41. Kg2 Nd6 42. Bc6 Re7 43. g4 Ne4 44. Rc1 Nf6 45. Bf3 Rb6 46. g5 Ne4 47. h6+ Kf7 48. Rc8 Nxg5 49. Bd5+ Kf6 50. Rf8+ Nf7 51. f4 g5 52. fxg5+ Kxg5 53. Rxf7 Rxe3 54. Rg7+ Kf6 55. Rxh7 Ke5 56. Bc6 Kxd4 57. Rd7+ Ke5 58. Re7+ Kd4 59. Rxe3 Kxe3 60. Kg3 Rb8 61. Kg4 Kd4 62. Kf5 Kc5 63. h7 1-0

[Event "Ghent Taminco op 32nd"]
[Site "Ghent"]
[Date "2009.07.20"]
[Round "6"]
[White "Tonoli, Benjamin"]
[Black "Docx, Stefan"]
[Result "1/2-1/2"]
[WhiteElo "2168"]
[BlackElo "2384"]
[PlyCount "34"]
[EventDate "2009.07.18"]
[EventType "swiss"]
[EventRounds "9"]
[EventCountry "BEL"]
[SourceTitle "CBM 131 Extra"]
[Source "ChessBase"]
[SourceDate "2009.09.03"]
[SourceVersion "2"]
[SourceVersionDate "2009.09.16"]
[SourceQuality "1"]

1. e4 d6 2. c4 e5 3. Nc3 Nc6 4. g3 h5 5. Bg2 Bg4 6. f3 Be6 7. d3 h4 8. g4 Nd4 9. h3 Ne7 10. Nge2 Nec6 11. Nxd4 Nxd4 12. Ne2 Nxe2 13. Qxe2 g5 14. Be3 c5 15. Qd2 f6 16. b4 a6 17. a4 b6 1/2-1/2

[Event "BEL-ch op"]
[Site "Namur"]
[Date "2009.07.08"]
[Round "5"]
[White "Gorshkov, Leonid"]
[Black "Tonoli, Benjamin"]
[Result "0-1"]
[WhiteElo "2117"]
[BlackElo "2183"]
[PlyCount "86"]
[EventDate "2009.07.04"]
[EventType "swiss"]
[EventRounds "9"]
[EventCountry "BEL"]
[SourceTitle "EXT 2010"]
[Source "ChessBase"]
[SourceDate "2010.11.25"]
[SourceVersion "1"]
[SourceVersionDate "2010.11.25"]
[SourceQuality "1"]

1. c4 c5 2. Nc3 Nc6 3. Nf3 g6 4. e3 Bg7 5. a3 d6 6. Be2 a5 7. 0-0 e5 8. d3 Nge7 9. Rb1 0-0 10. Bd2 h6 11. Nb5 Be6 12. d4 cxd4 13. exd4 exd4 14. Bf4 Ne5 15. Nfxd4 Bxc4 16. Rc1 Bxe2 17. Qxe2 Rc8 18. Rxc8 Nxc8 19. Rc1 Re8 20. Qd2 d5 21. b3 Kh7 22. h3 Re7 23. Bg3 Rd7 24. Kh1 Ne7 25. f4 N5c6 26. f5 Nxd4 27. Nxd4 Bxd4 28. fxg6+ fxg6 29. Qxd4 Nf5 30. Qd3 Qg5 31. Rc3 Nxg3+ 32. Qxg3 Qxg3 33. Rxg3 d4 34. Rd3 Kg7 35. Kg1 Kf6 36. Kf2 Ke5 37. Rg3 Rd6 38. Ke2 Rc6 39. h4 Kf4 40. Rf3+ Kg4 41. Rd3 Kxh4 42. Rxd4+ Kg3 43. Rd7 Rb6 0-1

[Event "BEL-ch op"]
[Site "Namur"]
[Date "2009.07.07"]
[Round "4"]
[White "Tonoli, Benjamin"]
[Black "Lafosse, Jimmy"]
[Result "1-0"]
[WhiteElo "2183"]
[BlackElo "2039"]
[PlyCount "89"]
[EventDate "2009.07.04"]
[EventType "swiss"]
[EventRounds "9"]
[EventCountry "BEL"]
[SourceTitle "EXT 2010"]
[Source "ChessBase"]
[SourceDate "2010.11.25"]
[SourceVersion "1"]
[SourceVersionDate "2010.11.25"]
[SourceQuality "1"]

1. e4 g6 2. c4 Bg7 3. Ne2 c5 4. d4 Qb6 5. dxc5 Qxc5 6. Nf4 Nf6 7. Nc3 0-0 8. Be2 Nc6 9. Be3 Qb4 10. Qd2 Ne5 11. Nfd5 Nxd5 12. Nxd5 Qxd2+ 13. Kxd2 Nc6 14. Rab1 d6 15. b4 e6 16. Nc7 Rb8 17. b5 Nd4 18. Kd3 Nxe2 19. Kxe2 b6 20. Bf4 Rd8 21. Rhd1 Bb7 22. f3 Bf8 23. e5 dxe5 24. Bxe5 Rbc8 25. Rxd8 Rxd8 26. Rd1 Rxd1 27. Kxd1 f6 28. Bxf6 Bd6 29. Nxe6 Kf7 30. Nd8+ Kxf6 31. Nxb7 Bc7 32. Ke2 Ke7 33. g3 Ke6 34. Ke3 g5 35. Ke4 h5 36. a4 Kf6 37. c5 Ke6 38. f4 gxf4 39. gxf4 Ke7 40. Kf5 Kd7 41. h3 Ke7 42. Kg5 Ke6 43. f5+ Kd5 44. f6 Be5 45. f7 1-0

[Event "BEL-chT 0809"]
[Site "Belgium"]
[Date "2009.02.15"]
[Round "9"]
[White "Tonoli, Benjamin"]
[Black "Cappon, John"]
[Result "0-1"]
[WhiteElo "2183"]
[BlackElo "2222"]
[PlyCount "58"]
[EventDate "2008.10.05"]
[EventType "team-tourn"]
[EventRounds "11"]
[EventCountry "BEL"]
[SourceTitle "EXT 2010"]
[Source "ChessBase"]
[SourceDate "2010.11.25"]
[SourceVersion "1"]
[SourceVersionDate "2010.11.25"]
[SourceQuality "1"]
[WhiteTeam "Bredene"]
[BlackTeam "Liege Crelel"]
[WhiteTeamCountry "BEL"]
[BlackTeamCountry "BEL"]

1. e4 c5 2. c4 e6 3. Nc3 Nc6 4. Nge2 Nf6 5. d4 cxd4 6. Nxd4 Qc7 7. a3 a6 8. Be3 Ne5 9. Rc1 d6 10. Be2 b6 11. 0-0 Bb7 12. f3 Be7 13. b4 0-0 14. Qb3 Rfe8 15. Rfd1 Rac8 16. Na4 Ned7 17. Nc2 Qb8 18. Bf4 Nh5 19. Be3 Nhf6 20. Ne1 d5 21. exd5 Bd6 22. g3 exd5 23. Rc2 Bxg3 24. hxg3 Qxg3+ 25. Kf1 Rxe3 26. Qxe3 Ng4 27. Ng2 Qxg2+ 28. Kxg2 Nxe3+ 29. Kf2 Nxc2 0-1

[Event "BEL-chT 0809"]
[Site "Belgium"]
[Date "2008.10.05"]
[Round "1.4"]
[White "Zhang, Tony"]
[Black "Tonoli, Benjamin"]
[Result "1/2-1/2"]
[WhiteElo "2290"]
[BlackElo "2253"]
[PlyCount "71"]
[EventDate "2008.10.05"]
[EventType "team-tourn"]
[EventRounds "11"]
[EventCountry "BEL"]
[SourceTitle "CBM 127 Extra"]
[Source "ChessBase"]
[SourceDate "2009.01.08"]
[SourceVersion "2"]
[SourceVersionDate "2009.01.28"]
[SourceQuality "1"]
[WhiteTeam "Bredene II"]
[BlackTeam "Bredene"]
[WhiteTeamCountry "BEL"]
[BlackTeamCountry "BEL"]

1. e4 c5 2. Nf3 Nc6 3. d4 cxd4 4. Nxd4 Nf6 5. Nc3 e5 6. Ndb5 d6 7. Bg5 a6 8. Na3 b5 9. Nd5 Be7 10. Bxf6 Bxf6 11. c4 b4 12. Nc2 a5 13. g3 Bg5 14. Bg2 0-0 15. 0-0 g6 16. Kh1 Bh6 17. Qe2 Be6 18. Rad1 Rc8 19. b3 Ne7 20. Nce3 Bxe3 21. Nxe3 Nc6 22. Nc2 Qe7 23. Rd2 Kg7 24. Qd1 Rfd8 25. f4 f5 26. exf5 Bxf5 27. Ne3 Nd4 28. Nd5 Qa7 29. g4 Be6 30. f5 gxf5 31. gxf5 Nxf5 32. Qh5 Rf8 33. Bh3 Nd4 34. Nf6 Kh8 35. Bg2 Qf7 36. Qd1 1/2-1/2

[Event "Ghent Taminco op 31st"]
[Site "Ghent"]
[Date "2008.07.22"]
[Round "7"]
[White "Sadkowsky, Daniel"]
[Black "Tonoli, Benjamin"]
[Result "1/2-1/2"]
[WhiteElo "2313"]
[BlackElo "2175"]
[PlyCount "57"]
[EventDate "2008.07.19"]
[EventType "swiss"]
[EventRounds "9"]
[EventCountry "BEL"]
[SourceTitle "CBM 125 Extra"]
[Source "ChessBase"]
[SourceDate "2008.09.01"]
[SourceVersion "1"]
[SourceVersionDate "2008.09.01"]
[SourceQuality "1"]

1. e4 c5 2. Nf3 Nc6 3. d4 cxd4 4. Nxd4 Nf6 5. Nc3 e5 6. Ndb5 d6 7. Bg5 a6 8. Na3 b5 9. Nd5 Be7 10. Bxf6 Bxf6 11. c4 b4 12. Nc2 a5 13. g3 Bg5 14. h4 Bh6 15. Bh3 Bb7 16. Qd3 0-0 17. 0-0 Nb8 18. Rad1 Na6 19. b3 Nc5 20. Qf3 Kh8 21. Rfe1 g6 22. Qf6+ Qxf6 23. Nxf6 Bg7 24. Nd5 h5 25. Bg2 Ne6 26. Nce3 Bh6 27. Re2 Nd4 28. Rb2 Rfd8 29. Bh3 1/2-1/2

[Event "BEL-ch"]
[Site "Eupen"]
[Date "2008.07.10"]
[Round "6"]
[White "Tonoli, Benjamin"]
[Black "Meessen, Rudolf"]
[Result "0-1"]
[WhiteElo "2175"]
[BlackElo "2287"]
[PlyCount "54"]
[EventDate "2008.07.05"]
[EventType "swiss"]
[EventRounds "9"]
[EventCountry "BEL"]
[SourceTitle "CBM 125 Extra"]
[Source "ChessBase"]
[SourceDate "2008.09.01"]
[SourceVersion "1"]
[SourceVersionDate "2008.09.01"]
[SourceQuality "1"]

1. e4 c6 2. d4 d5 3. e5 c5 4. dxc5 e6 5. Be3 Nh6 6. c3 Nd7 7. Bb5 Nf5 8. Bd4 a6 9. Ba4 Qc7 10. b4 a5 11. a3 Nxd4 12. Qxd4 Be7 13. Nf3 axb4 14. axb4 0-0 15. Ra3 Nxc5 16. Bc2 Rxa3 17. Nxa3 Ne4 18. Nb5 Qc6 19. Qd3 Bd7 20. Nfd4 Qb6 21. f3 Bxb5 22. Qxb5 Qxb5 23. Nxb5 Nxc3 24. Nxc3 Bxb4 25. Ke2 Bxc3 26. f4 b5 27. Kd3 b4 0-1

[Event "BEL-ch"]
[Site "Eupen"]
[Date "2008.07.05"]
[Round "1"]
[White "Tonoli, Benjamin"]
[Black "Cools, Gorik"]
[Result "1-0"]
[WhiteElo "2175"]
[BlackElo "2327"]
[PlyCount "85"]
[EventDate "2008.07.05"]
[EventType "swiss"]
[EventRounds "9"]
[EventCountry "BEL"]
[SourceTitle "CBM 125 Extra"]
[Source "ChessBase"]
[SourceDate "2008.09.01"]
[SourceVersion "1"]
[SourceVersionDate "2008.09.01"]
[SourceQuality "1"]

1. e4 c5 2. Nf3 d6 3. Bb5+ Bd7 4. Bxd7+ Qxd7 5. c4 Nc6 6. d4 cxd4 7. Nxd4 Nf6 8. Nc3 g6 9. Nde2 Bg7 10. f3 0-0 11. 0-0 Rfc8 12. Bg5 Qd8 13. Kh1 a6 14. a4 Kf8 15. b3 Qa5 16. Qd2 Rab8 17. Rfd1 Kg8 18. Rab1 Qd8 19. Bh4 Ne5 20. Qe3 Rc5 21. h3 Rbc8 22. f4 Ned7 23. Bf2 Qf8 24. g4 e6 25. Rd2 a5 26. Rbd1 R5c6 27. Nb5 d5 28. cxd5 exd5 29. exd5 Rc2 30. d6 Rxd2 31. Rxd2 Re8 32. Qf3 Ne4 33. Rd1 f5 34. Bh4 Bf6 35. g5 Bg7 36. Qd3 Qf7 37. Nc7 Nec5 38. Qf3 Re4 39. Nd5 Bf8 40. Bf2 Nxb3 41. Ng3 Bxd6 42. Nxe4 fxe4 43. Qxb3 1-0

[Event "Maastricht Limburg op"]
[Site "Maastricht"]
[Date "2008.05.12"]
[Round "6"]
[White "Tonoli, Benjamin"]
[Black "Larmuseau, Maarten"]
[Result "0-1"]
[WhiteElo "2190"]
[BlackElo "2058"]
[PlyCount "58"]
[EventDate "2008.05.09"]
[EventType "swiss"]
[EventRounds "7"]
[EventCountry "NED"]
[SourceTitle "EXT 2009"]
[Source "ChessBase"]
[SourceDate "2008.11.26"]
[SourceVersion "1"]
[SourceVersionDate "2008.11.26"]
[SourceQuality "1"]

1. e4 d6 2. c4 e5 3. g3 Nc6 4. Bg2 g6 5. Ne2 Bg7 6. Nbc3 Nge7 7. 0-0 0-0 8. d3 h6 9. Rb1 a5 10. a3 Be6 11. b4 axb4 12. axb4 Qd7 13. Nd5 Bxd5 14. cxd5 Nd4 15. Nxd4 exd4 16. Qc2 c6 17. dxc6 bxc6 18. f4 Kh7 19. Bb2 Rfb8 20. f5 gxf5 21. exf5 Bf6 22. Qb3 d5 23. Bc1 c5 24. Bd2 cxb4 25. Bxb4 Ra4 26. Qd1 Raxb4 27. Rxb4 Rxb4 28. Qh5 Ng8 29. g4 Bg5 0-1

[Event "Maastricht Limburg op"]
[Site "Maastricht"]
[Date "2008.05.11"]
[Round "5"]
[White "Ringoir, Guy"]
[Black "Tonoli, Benjamin"]
[Result "0-1"]
[WhiteElo "1941"]
[BlackElo "2190"]
[PlyCount "76"]
[EventDate "2008.05.09"]
[EventType "swiss"]
[EventRounds "7"]
[EventCountry "NED"]
[SourceTitle "EXT 2009"]
[Source "ChessBase"]
[SourceDate "2008.11.26"]
[SourceVersion "1"]
[SourceVersionDate "2008.11.26"]
[SourceQuality "1"]

1. e4 c5 2. Nc3 Nc6 3. f4 g6 4. Nf3 Bg7 5. Bb5 Nd4 6. 0-0 a6 7. Bc4 e6 8. d3 Ne7 9. Nxd4 Bxd4+ 10. Kh1 d5 11. Bb3 b5 12. exd5 exd5 13. Ne2 Bg7 14. c3 0-0 15. d4 c4 16. Bc2 Be6 17. a4 Qd7 18. b4 h5 19. a5 Bf5 20. Ng3 Bxc2 21. Qxc2 h4 22. Ne2 Rae8 23. Ng1 Qg4 24. Qf2 Nf5 25. Bd2 f6 26. Rae1 Bh6 27. Qf3 Qxf3 28. Nxf3 Kf7 29. Rxe8 Rxe8 30. Re1 Rxe1+ 31. Nxe1 Nd6 32. Nf3 Ne4 33. Be1 Bxf4 34. Nxh4 Bc1 35. Nf3 Bb2 36. g4 Nxc3 37. h4 Ne2 38. g5 Nxd4 0-1

[Event "Ghent op"]
[Site "Ghent"]
[Date "2007.07.15"]
[Round "3"]
[White "Dutreeuw, Marc"]
[Black "Tonoli, Benjamin"]
[Result "0-1"]
[WhiteElo "2398"]
[BlackElo "2176"]
[PlyCount "76"]
[EventDate "2007.07.14"]
[EventType "swiss"]
[EventRounds "9"]
[EventCountry "BEL"]
[SourceTitle "CBM 119 Extra"]
[Source "ChessBase"]
[SourceDate "2007.09.04"]
[SourceVersion "1"]
[SourceVersionDate "2007.09.04"]
[SourceQuality "1"]

1. e4 c5 2. Nf3 Nc6 3. d4 cxd4 4. Nxd4 Nf6 5. Nc3 e5 6. Ndb5 d6 7. Be3 a6 8. Na3 Be6 9. Nc4 b5 10. Nb6 Rb8 11. Nbd5 Ne7 12. Bg5 Nexd5 13. Nxd5 Be7 14. Bxf6 Bxf6 15. Be2 0-0 16. 0-0 Bg5 17. Bg4 Qd7 18. Bxe6 fxe6 19. Nb4 a5 20. Nd3 Qe7 21. c3 Bf6 22. Qe2 d5 23. a4 b4 24. cxb4 axb4 25. Rfc1 Rfc8 26. Rxc8+ Rxc8 27. Rc1 Rc4 28. b3 Rxc1+ 29. Nxc1 Qc5 30. Na2 Qd4 31. g3 dxe4 32. Kg2 Be7 33. Qe3 Qd5 34. f3 exf3+ 35. Qxf3 e4 36. Qf4 e3+ 37. Qf3 Qd2+ 38. Kh3 e2 0-1

[Event "BEL-ch op"]
[Site "Namur"]
[Date "2007.07.08"]
[Round "9.1"]
[White "Tonoli, Benjamin"]
[Black "Nijs, Nils"]
[Result "1-0"]
[WhiteElo "2216"]
[BlackElo "2115"]
[PlyCount "71"]
[EventDate "2007.06.30"]
[EventType "swiss"]
[EventRounds "9"]
[EventCountry "BEL"]
[SourceTitle "CBM 119 Extra"]
[Source "ChessBase"]
[SourceDate "2007.09.04"]
[SourceVersion "1"]
[SourceVersionDate "2007.09.04"]
[SourceQuality "1"]

1. e4 c5 2. c4 Nc6 3. Ne2 g6 4. d4 cxd4 5. Nxd4 Bg7 6. Be3 Nf6 7. Nc3 Ng4 8. Qxg4 Nxd4 9. Qd1 Nc6 10. Be2 d6 11. 0-0 0-0 12. Qd2 Be6 13. Nd5 f5 14. exf5 Bxf5 15. Rac1 Qd7 16. b4 Ne5 17. Bg5 Rfe8 18. Rfe1 Rac8 19. Bf1 Be6 20. Qe3 Bxd5 21. cxd5 Rxc1 22. Rxc1 Nf7 23. Bf4 a6 24. Be2 Ne5 25. h4 e6 26. dxe6 Qxe6 27. Bd1 Kh8 28. Bb3 Qg4 29. Qg3 Qe2 30. Be3 Nd3 31. Rd1 Nxb4 32. Qxd6 Nc6 33. Qd7 Rf8 34. Bc5 Ne5 35. Qe7 Rc8 36. Rd8+ 1-0

[Event "BEL-ch op"]
[Site "Namur"]
[Date "2007.07.05"]
[Round "6.2"]
[White "Tonoli, Benjamin"]
[Black "Noiroux, Kevin"]
[Result "1/2-1/2"]
[WhiteElo "2216"]
[BlackElo "2096"]
[PlyCount "101"]
[EventDate "2007.06.30"]
[EventType "swiss"]
[EventRounds "9"]
[EventCountry "BEL"]
[SourceTitle "CBM 119 Extra"]
[Source "ChessBase"]
[SourceDate "2007.09.04"]
[SourceVersion "1"]
[SourceVersionDate "2007.09.04"]
[SourceQuality "1"]

1. e4 d5 2. exd5 Qxd5 3. Nc3 Qa5 4. d4 Nf6 5. Bc4 Bg4 6. f3 Bf5 7. Nge2 Nbd7 8. Ng3 Bg6 9. Qe2 Qb6 10. 0-0 e6 11. Rd1 Bd6 12. Nce4 0-0 13. c3 Nd5 14. Nxd6 cxd6 15. Bxd5 exd5 16. Qf2 Rfe8 17. Ne2 a5 18. Nf4 Qc6 19. Nxg6 hxg6 20. Re1 Rxe1+ 21. Qxe1 Nb6 22. Bf4 Re8 23. Qf1 Na4 24. Rb1 Re6 25. Bd2 b5 26. Qd3 Qc4 27. Qxc4 dxc4 28. b3 cxb3 29. axb3 Nb6 30. Kf2 d5 31. c4 bxc4 32. Bxa5 cxb3 33. Rxb3 Nc4 34. Rb8+ Kh7 35. Bb4 Rb6 36. Rxb6 Nxb6 37. Kg3 g5 38. f4 Kg6 39. fxg5 Kxg5 40. h4+ Kh5 41. Be7 f6 42. Kh3 Nc4 43. g4+ Kh6 44. Kg3 Na5 45. Kf4 Nc6 46. Bc5 g6 47. Bf8+ Kh7 48. Ke3 Kg8 49. Bd6 Kg7 50. Bf4 Nd8 51. Bc7 1/2-1/2

[Event "Leuven op 19th"]
[Site "Leuven"]
[Date "2007.??.??"]
[Round "4"]
[White "Akesson, Ralf"]
[Black "Tonoli, Benjamin"]
[Result "1-0"]
[WhiteElo "2465"]
[BlackElo "2190"]
[PlyCount "63"]
[EventDate "2007.11.??"]
[EventType "swiss"]
[EventRounds "7"]
[EventCountry "BEL"]
[SourceTitle "EXT 2010"]
[Source "ChessBase"]
[SourceDate "2010.11.25"]
[SourceVersion "1"]
[SourceVersionDate "2010.11.25"]
[SourceQuality "1"]

1. Nf3 c5 2. c4 Nc6 3. d4 cxd4 4. Nxd4 d5 5. Nc3 Nf6 6. cxd5 Nxd5 7. Nxc6 bxc6 8. Bd2 Rb8 9. e4 Nb4 10. Bf4 Rb7 11. Qxd8+ Kxd8 12. 0-0-0+ Rd7 13. Rxd7+ Kxd7 14. Be3 e5 15. Bc4 f6 16. Rd1+ Kc7 17. Bxa7 c5 18. Na4 Ba6 19. Bb6+ Kc6 20. Bxa6 Nxa6 21. Rd8 g6 22. Kb1 Bg7 23. Rxh8 Bxh8 24. b3 f5 25. f3 Bf6 26. Ba5 Kb5 27. Bd2 Nc7 28. Kc2 c4 29. Nc3+ Kc5 30. Be3+ Kb4 31. a3+ Kxa3 32. bxc4 1-0

[Event "Leuven op 19th"]
[Site "Leuven"]
[Date "2007.??.??"]
[Round "7"]
[White "Mohandesi, Shahin"]
[Black "Tonoli, Benjamin"]
[Result "1-0"]
[WhiteElo "2325"]
[BlackElo "2190"]
[PlyCount "63"]
[EventDate "2007.11.??"]
[EventType "swiss"]
[EventRounds "7"]
[EventCountry "BEL"]
[SourceTitle "EXT 2010"]
[Source "ChessBase"]
[SourceDate "2010.11.25"]
[SourceVersion "1"]
[SourceVersionDate "2010.11.25"]
[SourceQuality "1"]

1. d4 Nf6 2. c4 e6 3. Nc3 Bb4 4. Bg5 h6 5. Bh4 Bxc3+ 6. bxc3 d6 7. Nf3 Qe7 8. e3 e5 9. Be2 Nbd7 10. Nd2 g5 11. Bg3 b6 12. h4 Rg8 13. hxg5 hxg5 14. Qa4 Bb7 15. Bf3 e4 16. Be2 Kd8 17. Rb1 c5 18. Nb3 Kc8 19. Kd2 Nb8 20. Kc2 Bc6 21. Qa3 a5 22. Rh6 Nbd7 23. Rd1 Qf8 24. Rxf6 Nxf6 25. dxc5 d5 26. Be5 Rg6 27. Nd4 Be8 28. Bg4+ Kb7 29. Rb1 Ra6 30. Be2 dxc4 31. Bxc4 b5 32. Nxb5 1-0

[Event "Hengelo U20 op"]
[Site "Hengelo"]
[Date "2005.08.13"]
[Round "9"]
[White "Tonoli, Benjamin"]
[Black "Smits, Sebastiaan"]
[Result "1-0"]
[WhiteElo "2169"]
[BlackElo "2080"]
[PlyCount "63"]
[EventDate "2005.08.??"]
[EventType "swiss"]
[EventRounds "9"]
[EventCountry "NED"]
[SourceTitle "CBM 107 Extra"]
[Source "ChessBase"]
[SourceDate "2005.09.01"]
[SourceVersion "1"]
[SourceVersionDate "2005.09.01"]
[SourceQuality "1"]

1. e4 c5 2. c4 d6 3. Ne2 e6 4. d4 cxd4 5. Nxd4 Nf6 6. Nc3 a6 7. Be2 Be7 8. 0-0 Qc7 9. Nf3 Nbd7 10. Ne1 b6 11. Be3 Bb7 12. f3 Rc8 13. Rc1 Qb8 14. a3 0-0 15. b4 Bd8 16. Qb3 Bc7 17. g3 Rfe8 18. Ng2 Qa8 19. Rfd1 Ne5 20. Rd2 Ng6 21. Rcd1 Qb8 22. Qc2 d5 23. exd5 exd5 24. c5 Be5 25. Na4 bxc5 26. Nxc5 a5 27. Kf2 axb4 28. axb4 Ba8 29. Qa4 Bc3 30. Bb5 Bxd2 31. Rxd2 Re7 32. Bd4 1-0

[Event "Hengelo U20 op"]
[Site "Hengelo"]
[Date "2005.08.12"]
[Round "8"]
[White "Barbe, Tom"]
[Black "Tonoli, Benjamin"]
[Result "0-1"]
[WhiteElo "2010"]
[BlackElo "2169"]
[PlyCount "40"]
[EventDate "2005.08.??"]
[EventType "swiss"]
[EventRounds "9"]
[EventCountry "NED"]
[SourceTitle "CBM 107 Extra"]
[Source "ChessBase"]
[SourceDate "2005.09.01"]
[SourceVersion "1"]
[SourceVersionDate "2005.09.01"]
[SourceQuality "1"]

1. d4 Nf6 2. c4 e6 3. Nc3 Bb4 4. Qc2 0-0 5. Bg5 h6 6. Bh4 d6 7. a3 Bxc3+ 8. Qxc3 Nbd7 9. f3 b6 10. Nh3 Ba6 11. Nf2 Rc8 12. Bxf6 Qxf6 13. e4 c5 14. d5 Qxc3+ 15. bxc3 Ne5 16. a4 Nxc4 17. dxe6 fxe6 18. Bxc4 Bxc4 19. Kd2 Rcd8 20. Kc2 b5 0-1

[Event "Leuven op 16th"]
[Site "Leuven"]
[Date "2004.11.13"]
[Round "5"]
[White "Mohandesi, Shahin"]
[Black "Tonoli, Benjamin"]
[Result "1-0"]
[WhiteElo "2332"]
[BlackElo "2086"]
[PlyCount "55"]
[EventDate "2004.11.11"]
[EventType "swiss"]
[EventRounds "7"]
[EventCountry "BEL"]
[SourceTitle "EXT 2005"]
[Source "ChessBase"]
[SourceDate "2004.11.15"]
[SourceVersion "1"]
[SourceVersionDate "2004.11.15"]
[SourceQuality "1"]

1. d4 Nf6 2. Nf3 e6 3. c4 Bb4+ 4. Nbd2 b6 5. e3 Bb7 6. Be2 0-0 7. 0-0 Bxd2 8. Bxd2 d6 9. Be1 Nbd7 10. Nd2 e5 11. f3 h6 12. d5 Nh7 13. e4 Qe7 14. Bf2 g6 15. Qc2 a5 16. b3 Bc8 17. a3 f5 18. b4 f4 19. c5 Ba6 20. b5 Bc8 21. cxd6 cxd6 22. Qc7 Ba6 23. bxa6 Rfc8 24. Qb7 Rab8 25. Rac1 Rxc1 26. Rxc1 Rxb7 27. axb7 Nhf6 28. Rc7 1-0